000 00360nam a2200157Ia 4500
008 220923s9999 xx 000 0 und d
020 _a978-81-8038-685-5
082 _bTHA
100 _aTHAKKER, C.K.
245 0 _aCRIMINAL PROCEDURE
250 _a3RD
260 _bLEXIS NEXIS, GURGAON
_c2013
300 _a471
650 _aCriminal Law
942 _cBK
999 _c195208
_d195208